000 00667nam a22002177a 4500
003 OSt
005 20251121104601.0
008 251121b |||||||| |||| 00| 0 eng d
020 _a9780128045138
040 _aDWCL-Main lib
_cOC
082 _aCirc. 519.5 W279o 2016
100 _aWarner, Robert A.
245 _aOptimizing the display and interpretation of data/
_cRobert A. Warner
260 _aAmsterdam:
_bElsevier,
_cc2016.
300 _axi, 134 pages :
_billustrations ;
_c22cm.
504 _aIncludes bibliographical reference
650 _a1. Data mining
650 _a2. Meta data
650 _a3. Statistics
942 _2ddc
_cBK-CIRC
_kCirc.
_n0
999 _c5975
_d5975